[Event "Aragon-chT Honor Gr I"]
[Site "Aragon"]
[Date "2023.03.11"]
[Round "7.4"]
[White "Carrasquer Alonso, Fernando"]
[Black "Vela Frago, Alberto"]
[Result "0-1"]
[WhiteElo "1874"]
[BlackElo "2213"]
[PlyCount "64"]
[EventDate "2023.01.28"]
[EventType "team-tourn"]
[EventRounds "7"]
[EventCountry "ESP"]
[SourceTitle "EXT 2024"]
[Source "ChessBase"]
[SourceDate "2023.10.10"]
[SourceVersion "1"]
[SourceVersionDate "2023.10.10"]
[SourceQuality "1"]
[WhiteTeam "Jaque Aramovil"]
[BlackTeam "Casablanca MyInvestor"]
[WhiteTeamCountry "ESP"]
[BlackTeamCountry "ESP"]

1. e4 e5 2. Nf3 Nc6 3. Bb5 Bc5 4. Nc3 Nf6 5. d3 d6 6. Bg5 h6 7. Be3 Bxe3 8. fxe3 a6 9. Bxc6+ bxc6 10. 0-0 a5 11. Qd2 0-0 12. d4 Qe7 13. Rfe1 Ba6 14. a4 Rfe8 15. Qf2 Rab8 16. b3 Rb4 17. Nh4 Ng4 18. Qg3 Nxe3 19. Na2 Nxc2 20. Nxb4 axb4 21. Nf5 Qg5 22. Rac1 Qxg3 23. hxg3 Nxe1 24. Rxe1 g6 25. Nxh6+ Kg7 26. Ng4 exd4 27. Kf2 Bc8 28. Kf3 f5 29. Nf2 c5 30. Kf4 Kf6 31. a5 Bb7 32. g4 g5+ 0-1

[Event "Aragon-chT Honor Gr I"]
[Site "Aragon"]
[Date "2023.02.18"]
[Round "4.16"]
[White "Fabre Perez, Jose Maria"]
[Black "Carrasquer Alonso, Fernando"]
[Result "0-1"]
[WhiteElo "1981"]
[BlackElo "1874"]
[PlyCount "100"]
[EventDate "2023.01.28"]
[EventType "team-tourn"]
[EventRounds "7"]
[EventCountry "ESP"]
[SourceTitle "EXT 2024"]
[Source "ChessBase"]
[SourceDate "2023.10.10"]
[SourceVersion "1"]
[SourceVersionDate "2023.10.10"]
[SourceQuality "1"]
[WhiteTeam "Delicias"]
[BlackTeam "Jaque Aramovil"]
[WhiteTeamCountry "ESP"]
[BlackTeamCountry "ESP"]

1. c4 Nf6 2. g3 d6 3. Bg2 g6 4. Nc3 Bg7 5. d3 0-0 6. e4 c5 7. Nf3 Nc6 8. Bg5 h6 9. Bd2 Bd7 10. a3 Rb8 11. 0-0 Nd4 12. Nxd4 cxd4 13. Ne2 b5 14. cxb5 Bxb5 15. Nxd4 Bxd3 16. Nc6 Qe8 17. Nxb8 Bxf1 18. Qxf1 Qxb8 19. b4 Ng4 20. h3 Ne5 21. Rc1 Qb7 22. Be3 Rc8 23. Rxc8+ Qxc8 24. Bxa7 Qc3 25. b5 Qxa3 26. Be3 Qb3 27. Qe2 Nc4 28. Bf1 Nxe3 29. Qxe3 Qb2 30. Be2 h5 31. Qd3 Bd4 32. Qc4 Qb1+ 33. Kg2 Qxe4+ 34. Bf3 Qe5 35. Bd5 e6 36. Bf3 Bc5 37. Qa4 Qb2 38. Qd1 Qxf2+ 39. Kh1 Qxg3 40. Bg2 Qe3 41. Qa1 d5 42. Qb1 Bb6 43. Qa1 d4 44. Qa8+ Kh7 45. Qf3 Qxf3 46. Bxf3 f5 47. Kg1 e5 48. Kf1 e4 49. Bd1 h4 50. Ke2 Kh6 0-1

[Event "Aragon-chT Honor Gr II"]
[Site "Aragon"]
[Date "2022.03.05"]
[Round "6.23"]
[White "Laplaza Ara, Carlos"]
[Black "Carrasquer Alonso, Fernando"]
[Result "0-1"]
[WhiteElo "1932"]
[BlackElo "1875"]
[PlyCount "130"]
[EventDate "2022.01.29"]
[EventType "team-tourn"]
[EventRounds "7"]
[EventCountry "ESP"]
[SourceTitle "EXT 2024"]
[Source "ChessBase"]
[SourceDate "2023.10.10"]
[SourceVersion "1"]
[SourceVersionDate "2023.10.10"]
[SourceQuality "1"]
[WhiteTeam "Huesca Club Atletismo"]
[BlackTeam "Jaque Pirenauto"]
[WhiteTeamCountry "ESP"]
[BlackTeamCountry "ESP"]

1. d4 Nf6 2. c4 d6 3. Nc3 g6 4. e4 Nbd7 5. Nf3 e5 6. h3 Bg7 7. Be3 0-0 8. Be2 c6 9. dxe5 dxe5 10. 0-0 Qe7 11. Qc2 Nh5 12. Nh2 Nf4 13. Bf3 Nf6 14. Ne2 N6h5 15. Ng3 Nxg3 16. fxg3 Ne6 17. Bg4 Nd4 18. Bxd4 exd4 19. Rae1 Bxg4 20. Nxg4 Be5 21. Rf3 Rad8 22. Ref1 Qg5 23. Qf2 Rd7 24. Qc2 h5 25. Nxe5 Qxe5 26. Qd3 Re8 27. Rf4 Ree7 28. b4 a5 29. a3 axb4 30. axb4 Kg7 31. Ra1 Re6 32. h4 Rf6 33. Ra5 Qe7 34. Rxf6 Qxf6 35. Ra1 Qd6 36. c5 Qe6 37. Rf1 Qa2 38. Kh2 Qb2 39. Rb1 Qc3 40. Qxc3 dxc3 41. Rc1 Rd4 42. Rxc3 Rxb4 43. e5 Re4 44. Rb3 Rxe5 45. Rxb7 Rxc5 46. Kg1 Rc2 47. Rc7 c5 48. Kf1 c4 49. Rc6 c3 50. Ke1 Rxg2 51. Rxc3 Kf6 52. Kf1 Ra2 53. Rc5 Ke6 54. Rb5 Rd2 55. Ra5 Rd5 56. Ra3 f6 57. Kf2 Rd2+ 58. Kf3 Rd4 59. Ra6+ Ke5 60. Ra5+ Rd5 61. Ra3 Kf5 62. Rb3 g5 63. hxg5 fxg5 64. Rb8 Rd3+ 65. Kf2 Kg4 0-1

[Event "Aragon-chT Preferente Gr-I"]
[Site "Aragon"]
[Date "2020.03.07"]
[Round "7.45"]
[White "Inglan Bielsa, Fernando"]
[Black "Carrasquer Alonso, Fernando"]
[Result "0-1"]
[WhiteElo "2063"]
[BlackElo "1833"]
[PlyCount "86"]
[EventDate "2020.01.25"]
[EventType "team-tourn"]
[EventRounds "9"]
[EventCountry "ESP"]
[SourceTitle "EXT 2022"]
[Source "ChessBase"]
[SourceDate "2021.10.06"]
[SourceVersion "1"]
[SourceVersionDate "2021.10.06"]
[SourceQuality "1"]
[WhiteTeam "Jaime Casas II"]
[BlackTeam "Jaque II"]
[WhiteTeamCountry "ESP"]
[BlackTeamCountry "ESP"]

1. e4 e5 2. Nf3 d6 3. d4 Nd7 4. Bc4 Be7 5. 0-0 Ngf6 6. Re1 0-0 7. c3 c6 8. a4 b6 9. Bg5 h6 10. Bh4 Nh5 11. Bxe7 Qxe7 12. Nbd2 Nf4 13. Nf1 Nf6 14. Ng3 g6 15. Qd2 Bg4 16. Re3 Kg7 17. Rae1 h5 18. Nh4 Nh7 19. Nhf5+ gxf5 20. exf5 Qg5 21. dxe5 dxe5 22. h4 Qxh4 23. Rxe5 Nxg2 24. R1e4 Nf6 25. Kxg2 Rad8 26. Rd4 Rxd4 27. Qxd4 c5 28. Qe3 Bh3+ 29. Kg1 Rd8 30. Be2 Bg4 31. Bxg4 hxg4 32. Nf1 Rd6 33. Qg3 Qg5 34. Ne3 Rd2 35. Nc4 Rd1+ 36. Kg2 Qh6 37. Qh2 Qg5 38. Qg3 Qh5 39. Qh2 Qxh2+ 40. Kxh2 Kh6 41. Re7 Rd7 42. Re5 Kg5 43. Kg2 Kf4 0-1

[Event "Aragon-chT Preferente Gr-I"]
[Site "Aragon"]
[Date "2020.02.08"]
[Round "3.38"]
[White "Carrasquer Alonso, Fernando"]
[Black "Aribau Rivas, Miguel Angel"]
[Result "1-0"]
[WhiteElo "1833"]
[BlackElo "2026"]
[PlyCount "127"]
[EventDate "2020.01.25"]
[EventType "team-tourn"]
[EventRounds "9"]
[EventCountry "ESP"]
[SourceTitle "EXT 2022"]
[Source "ChessBase"]
[SourceDate "2021.10.06"]
[SourceVersion "1"]
[SourceVersionDate "2021.10.06"]
[SourceQuality "1"]
[WhiteTeam "Jaque II"]
[BlackTeam "Fraga"]
[WhiteTeamCountry "ESP"]
[BlackTeamCountry "ESP"]

1. e4 c5 2. Nf3 e6 3. g3 Nc6 4. d3 Nge7 5. Bg2 d5 6. Qe2 g6 7. e5 Bg7 8. 0-0 0-0 9. Re1 Rb8 10. Bg5 h6 11. Bd2 b5 12. h4 b4 13. Bf4 Nf5 14. Nbd2 a5 15. Nf1 Re8 16. N1h2 Ba6 17. Qd2 Kh7 18. Ng4 Rc8 19. Ne3 Nxe3 20. Qxe3 Qe7 21. Nh2 Nd4 22. Rac1 Nf5 23. Qe2 c4 24. Nf3 Qa7 25. Be3 Nxe3 26. fxe3 Rc7 27. Bf1 Rec8 28. d4 Rc6 29. Qf2 a4 30. Rb1 Bf8 31. Nh2 Bg7 32. Ng4 Qe7 33. Bg2 h5 34. Nh2 R6c7 35. Rbd1 Bb7 36. Rf1 Kg8 37. Nf3 c3 38. b3 axb3 39. axb3 Bc6 40. Ra1 Ra7 41. Rxa7 Qxa7 42. Ng5 Rc7 43. e4 dxe4 44. Bxe4 Bb5 45. Rd1 Bh6 46. Nf3 Rd7 47. Kg2 Kg7 48. Ng5 Bxg5 49. hxg5 Kg8 50. Qe3 Qc7 51. Ra1 Bc6 52. Kf3 Qb7 53. Bxc6 Qxc6+ 54. Qe4 Qb7 55. Ra8+ Kg7 56. Ke3 Rd5 57. Rd8 Qb5 58. Ra8 Qf1 59. Qf4 Qe1+ 60. Kd3 Qd2+ 61. Kc4 Qe2+ 62. Kxb4 Qb5+ 63. Ka3 Kh7 64. Qxf7# 1-0

[Event "Aragon-ch U16"]
[Site "Zaragoza"]
[Date "2010.03.28"]
[Round "1.3"]
[White "Fernandez Rubio, Rafael"]
[Black "Carrasquer Alonso, Fernando"]
[Result "1-0"]
[WhiteElo "1969"]
[BlackElo "1531"]
[PlyCount "89"]
[EventDate "2010.03.28"]
[EventType "swiss"]
[EventRounds "8"]
[EventCountry "ESP"]
[SourceTitle "EXT 2024"]
[Source "ChessBase"]
[SourceDate "2023.10.10"]
[SourceVersion "1"]
[SourceVersionDate "2023.10.10"]
[SourceQuality "1"]

1. e4 d6 2. d4 Nf6 3. Nc3 e5 4. Bc4 exd4 5. Qxd4 Nc6 6. Qe3 Be6 7. Bxe6 fxe6 8. Bd2 Be7 9. 0-0-0 0-0 10. f3 e5 11. h4 Nh5 12. Nd5 Nd4 13. g4 Nf4 14. Nxf4 Rxf4 15. Qd3 Rf7 16. c3 Ne6 17. Nh3 Bxh4 18. Qc4 Qe7 19. Kb1 Ng5 20. Nxg5 Bxg5 21. Bxg5 Qxg5 22. Rh5 Qd8 23. Rxh7 Kxh7 24. Qxf7 Qh4 25. Kc2 Qf2+ 26. Kd3 Qh4 27. Ke3 Qh2 28. Rf1 Qf4+ 29. Qxf4 exf4+ 30. Kxf4 Kg6 31. Rh1 Re8 32. Rh5 c6 33. c4 a6 34. Ke3 Kf6 35. f4 b6 36. b4 c5 37. bxc5 bxc5 38. Rd5 Re6 39. g5+ Ke7 40. f5 Re5 41. Rxe5+ dxe5 42. Kf3 Kf7 43. Kg4 Kg8 44. g6 Kf8 45. Kh5 1-0